| 000 | 01586nam a2200325Ia 4500 | ||
|---|---|---|---|
| 999 |
_c53470 _d53470 |
||
| 001 | 20516 | ||
| 003 | GE_BSU | ||
| 005 | 20210107222606.0 | ||
| 008 | 181216s1986||||ge |||||||||||||| || || | ||
| 040 | _cGE_BSU | ||
| 041 | _ageo | ||
| 080 | _a811.353.1-8(075.3) შ-21 | ||
| 100 |
_aშანიძე, ა. _910005 |
||
| 245 |
_aქართული ენა : _bლექსიკა და ფრაზეოლოგია, მორფოლოგია, ორთოგრაფია, მეტყველების განვითარება / _cა. შანიძე, ი. იმნაიშვილი, ლ. კვაჭაძე ; რედ. ე. პოლოლიკაშვილი |
||
| 250 | _aმე-3 გამოცემა | ||
| 264 |
_aთბილისი : _bგანათლება, _c1986. |
||
| 300 |
_a131გვ. ; _c19 სმ. |
||
| 541 | _h30 თ. | ||
| 653 | _aV კლასის სახელმძღვანელო | ||
| 653 | _aქართული ენა : და , , , | ||
| 653 | _aლექსიკა | ||
| 653 | _aფრაზეოლოგია | ||
| 653 | _aმორფოლოგია | ||
| 653 | _aორთოგრაფია | ||
| 653 | _aმეტყველების განვითარება | ||
| 700 |
_aიმნაიშვილი, ი. _eავტორი _910006 |
||
| 700 |
_aკვაჭაძე, ლ. _eავტორი _910007 |
||
| 700 |
_a პოლოლიკაშვილი, ე. _eრედაქტორი _910008 |
||
| 942 |
_cBK _2udc |
||